| 000 | 00685nam a2200265 a 4500 | ||
|---|---|---|---|
| 003 | AR-BaBNM | ||
| 005 | 20251128202933.0 | ||
| 008 | 082120s2002 ||||||||||||||000 | spa|| | ||
| 040 | _cAR-BaBNM | ||
| 100 | 1 | _aGarcía Fernández, María Teresa | |
| 245 | 0 | 0 | _aFrançais 2 |
| 260 |
_aBuenos Aires _bSantillana _c1989 |
||
| 300 |
_a95 p. _bil. |
||
| 650 | 4 | _aENSEÑANZA DE IDIOMAS | |
| 650 | 4 | _aFRANCES | |
| 650 | 4 | _aGRAMATICA | |
| 650 | 4 | _aVOCABULARIO | |
| 650 | 4 | _aACTIVIDADES DE APRENDIZAJE | |
| 650 | 4 | _aLIBROS DE TEXTO | |
| 653 | _aEDUCACION SECUNDARIA | ||
| 700 | 1 | _aLeyrat, Martine | |
| 700 | 1 | _aQuaglia de Brandes, Hilda Beatriz | |
| 942 | _cBK | ||
| 998 | _cCarmen | ||
| 999 |
_c1218 _d1218 |
||